ロード中...
Sreekumara sadgathi /
| 第一著者: | |
|---|---|
| フォーマット: | Printed Book |
| 言語: | Malayalam |
| 出版事項: |
Krishnan Vaidyar ,
|
| 主題: |
| LEADER | 00501nam a2200157Ia 4500 | ||
|---|---|---|---|
| 008 | 150624b xxu||||| |||| 00| p mal d | ||
| 999 | |c 73141 |d 73141 | ||
| 082 | |a 851.53K2 | ||
| 100 | |a Krishnan Vaidyar | ||
| 245 | |c Krishnan Vaidyar |a Sreekumara sadgathi / | ||
| 260 | |b Krishnan Vaidyar , | ||
| 300 | |a 64 p. | ||
| 546 | |a In Malayalam. | ||
| 650 | |a Malayalam Poetry | ||
| 942 | |c BK | ||
| 952 | |0 0 |1 0 |2 ddc |4 0 |6 851_000000000000000_53K2_SRE_M |7 0 |9 73087 |a UL |b UL |c ST2 |d 1998-09-15 |l 0 |o 851.53K2 SRE M |p 13258 |r 2012-10-27 |y BK | ||